10 Most Populous Cities in Kansas - Statistics

General Stats
  • This quiz has been taken 23 times
  • The average score is 8 of 10
Answer Stats
Population City % Correct
151,811 Kansas City
100%
395,484 Wichita
100%
125,154 Topeka
94%
96,632 Lawrence
88%
53,523 Manhatten
82%
196,874 Overland Park
82%
149,419 Olathe
76%
45,441 Salina
76%
70,074 Shawnee
47%
58,865 Lenexa
35%
No matching quizzes found
Score Distribution
Percent of People with Each Score
Percentile by Number Answered
Your Score History
You have not taken this quiz